000 00338nam a22001457a 4500
008 210507b ||||| |||| 00| 0 eng d
020 _a9780133851151
041 _aeng
080 _211th
_a004
082 _a004
100 _a28
101 _aSHKI
245 _aAccounting the Managerial Chapters
_cTracie M. Nobels
942 _2udc
_cBK
999 _c57119
_d57119